000 00837nam a2200265Ia 4500
003 OSt
005 20220925223742.0
006 a|||||r|||| 00| 0
007 ta
008 220923b |||||||| |||| 00| 0 eng d
020 _a9780415589826
_c1587.0699999999999
037 _b33976, 03/02/2012, Segment Book Distrobutors
_cGeneral Book
040 _aRTL
_cRTL
_beng
041 _2eng
_aeng
082 _aU:(G:55), Q2
100 _aEvans J P
_9290268
245 0 _aEnvironmental governance
260 _aLondon
_bRoutledge
_c2012
300 _axviii, 254p
_ccm.
490 _aRoutledge Introductions to Environment Series
500 _aBibliography: P 220-45
650 _aGeography
942 _hU:(G:55), Q2
_cGB
_2CC
999 _c580306
_d580306